Las edades de la inteligencia
Saved in:
| Hovedforfatter: | |
|---|---|
| Format: | Bog |
| Sprog: | spansk |
| Udgivet: |
Buenos Aires
Hachette
1947
|
| Udgivelse: | 1a. ed |
| Serier: | Biblioteca Hachette de Filosofía
|
| Fag: | |
| Tags: |
Tilføj Tag
Ingen Tags, Vær først til at tagge denne postø!
|
MARC
| LEADER | 00000cam a2200000 a 4500 | ||
|---|---|---|---|
| 001 | UCZ9112 | ||
| 003 | CL-VaPUC | ||
| 008 | 960301e19470000AG |||||||||||||||||spa|d | ||
| 082 | 0 | 4 | |a 128.2 |b BRU |2 21 |
| 100 | 0 | |a Brunschvicg, León |e author |9 335833 | |
| 245 | 1 | 4 | |a Las edades de la inteligencia |
| 250 | |a 1a. ed | ||
| 300 | |a 138 p | ||
| 942 | |c BK | ||
| 945 | |d 19960301 00:00:00 |a rleighto | ||
| 260 | |a Buenos Aires |b Hachette |c 1947 | ||
| 650 | 0 | |a Filosofía |9 223554 | |
| 650 | 0 | |a Inteligencia |9 267038 | |
| 650 | 0 | |a Razón |9 314475 | |
| 583 | |a last modification |c 20130827 08:22:16 |k Rodrigo Vera | ||
| 490 | 0 | |a Biblioteca Hachette de Filosofía | |
| 999 | |c 244695 |d 244693 | ||
| 952 | |0 0 |1 0 |4 0 |6 128_200000000000000_BRU_1947 |7 0 |8 P |9 258856 |a BIBEDU |b BIBEDU |c BIBEDU_PB |d 2019-11-19 |i 3172805 |o 128.2 BRU 1947 |p 3172805 |r 2024-01-25 |w 2019-11-19 |y BK |k FIL | ||
| 952 | |0 0 |1 0 |3 erb |4 0 |6 128_200000000000000_BRU_1947 |7 0 |8 P |9 258857 |a BIBEDU |b BIBEDU |c BIBEDU_PB |d 2019-11-19 |i 5002613 |o 128.2 BRU 1947 |p 5002613 |r 2024-01-25 |w 2019-11-19 |y BK |z Catalogado en:20130829 |k PSI | ||